[Event "Winnipeg TNT Oct op"]
[Site "Winnipeg CAN"]
[Date "2004.10.19"]
[Round "3"]
[White "Zaczek, Jonathon"]
[Black "Greenberg, Harley"]
[Result "1/2-1/2"]
[WhiteElo "1891"]
[BlackElo "1781"]
[PlyCount "60"]
[GameId "2160767911061067"]
[EventDate "2004.10.05"]
[EventType "swiss"]
[EventRounds "4"]
[EventCountry "CAN"]
[SourceTitle "EXT 2006"]
[Source "ChessBase"]
[SourceDate "2005.11.24"]
[SourceVersion "1"]
[SourceVersionDate "2005.11.24"]
[SourceQuality "1"]

1. e4 c5 2. Nf3 Nc6 3. Nc3 e5 4. Bc4 d6 5. d3 Be6 6. Nd2 Nf6 7. Nd5 Be7 8. Nf1 Bxd5 9. exd5 Nd4 10. c3 b5 11. cxd4 bxc4 12. dxe5 Nxd5 13. dxc4 Nb4 14. a3 Nc6 15. exd6 Bxd6 16. Ne3 O-O 17. O-O Nd4 18. Nd5 Rb8 19. b4 Qh4 20. f4 Rfe8 21. g3 Qh3 22. Be3 Re4 23. Bxd4 Rxd4 24. Qe2 Qe6 25. Qc2 cxb4 26. axb4 Rc8 27. Qg2 Rdxc4 28. Rxa7 Bxb4 29. Nxb4 Qb6+ 30. Qf2 Qxb4 1/2-1/2

[Event "Winnipeg TNT Oct op"]
[Site "Winnipeg CAN"]
[Date "2004.10.26"]
[Round "4"]
[White "Cheyne, Andrew"]
[Black "Essery, Richard"]
[Result "1/2-1/2"]
[WhiteElo "1158"]
[BlackElo "1721"]
[PlyCount "104"]
[GameId "2160767911061068"]
[EventDate "2004.10.05"]
[EventType "swiss"]
[EventRounds "4"]
[EventCountry "CAN"]

1. e4 d5 2. exd5 Qxd5 3. Nc3 Qa5 4. Nf3 e5 5. d4 e4 6. Nd2 f5 7. f3 Bb4 8. fxe4 Bxc3 9. bxc3 Qxc3 10. Rb1 Qxd4 11. Bb2 Qd7 12. exf5 Qe7+ 13. Qe2 Qxe2+ 14. Bxe2 Nf6 15. O-O O-O 16. Bc4+ Kh8 17. Be5 c6 18. Nb3 Nbd7 19. Rbe1 Nb6 20. Be6 Bd7 21. Nc5 Bxe6 22. fxe6 Nbd5 23. Bxf6 Rxf6 24. Nxb7 Re8 25. Rxf6 gxf6 26. Nd6 Re7 27. Nc8 Re8 28. Nxa7 Nb4 29. e7 Nxc2 30. Re6 Nd4 31. Rd6 Rxe7 32. Nxc6 Re1+ 33. Kf2 Re2+ 34. Kf1 Re6 35. Rxe6 Nxe6 36. a4 Kg7 37. Ke2 Kf7 38. Ke3 Ke8 39. Ke4 Nc5+ 40. Kf5 Nxa4 41. Kxf6 Kf8 42. g4 Nc5 43. Ne5 Ne4+ 44. Kf5 Nd6+ 45. Kg5 Kg7 46. h4 Ne4+ 47. Kf4 Nf6 48. g5 Nd5+ 49. Kg4 Ne7 50. h5 Ng8 51. g6 hxg6 52. Nxg6 Nf6+ 1/2-1/2

[Event "Winnipeg TNT Oct op"]
[Site "Winnipeg CAN"]
[Date "2004.10.26"]
[Round "4"]
[White "Greenberg, Harley"]
[Black "Reimer, Bruce"]
[Result "1-0"]
[WhiteElo "1781"]
[BlackElo "1344"]
[PlyCount "89"]
[GameId "2160767911061069"]
[EventDate "2004.10.05"]
[EventType "swiss"]
[EventRounds "4"]
[EventCountry "CAN"]
[SourceTitle "EXT 2006"]
[Source "ChessBase"]
[SourceDate "2005.11.24"]
[SourceVersion "1"]
[SourceVersionDate "2005.11.24"]
[SourceQuality "1"]

1. e4 d6 2. d4 Nf6 3. Nc3 g6 4. f4 Bg7 5. Nf3 c5 6. e5 Nfd7 7. Bc4 Nb6 8. Bb5+ Bd7 9. e6 Bxb5 10. exf7+ Kd7 11. Nxb5 Na6 12. Ng5 h6 13. Qg4+ Kc6 14. d5+ Nxd5 15. O-O hxg5 16. c4 Nxf4 17. Qf3+ d5 18. Rd1 e6 19. g3 Nh5 20. Qe2 Qd7 21. cxd5+ exd5 22. Be3 Qxf7 23. Rac1 b6 24. Nd4+ Bxd4 25. Bxd4 Nc7 26. Bxh8 Rxh8 27. b4 Qe8 28. Qd2 Qe5 29. Re1 Qf6 30. bxc5 bxc5 31. Qb4 Qd6 32. Qa4+ Kb7 33. Re3 Rb8 34. Rb1+ Ka8 35. Rbe1 Nf6 36. Re7 Ne4 37. Rd7 Qa6 38. Qd1 Qc6 39. Rf7 Ne6 40. Re3 Nd4 41. Ra3 Rb7 42. Rf8+ Rb8 43. Qf1 Qb7 44. Rf7 Qb6 45. Ra6 1-0

[Event "Winnipeg TNT Oct op"]
[Site "Winnipeg CAN"]
[Date "2004.10.26"]
[Round "4"]
[White "Khedkar, Jay S"]
[Black "Hogeveen Rutter, Alexander"]
[Result "1-0"]
[WhiteElo "1948"]
[BlackElo "1739"]
[PlyCount "55"]
[GameId "2160767911061070"]
[EventDate "2004.10.05"]
[EventType "swiss"]
[EventRounds "4"]
[EventCountry "CAN"]
[SourceTitle "EXT 2006"]
[Source "ChessBase"]
[SourceDate "2005.11.24"]
[SourceVersion "1"]
[SourceVersionDate "2005.11.24"]
[SourceQuality "1"]

1. e4 c5 2. Nf3 Nc6 3. d4 cxd4 4. Nxd4 d6 5. c4 e6 6. Nc3 Nf6 7. Be2 Be7 8. O-O h6 9. Be3 O-O 10. Qd2 e5 11. Nc2 a6 12. f3 Qa5 13. Rfd1 Bd7 14. b4 Qc7 15. Rac1 Nd8 16. Bf2 b6 17. Ne3 Bc6 18. Ncd5 Bxd5 19. cxd5 Qb7 20. Nf5 b5 21. g4 Nh7 22. Be3 Bg5 23. Kg2 Qd7 24. Rc2 Nb7 25. Rdc1 Rac8 26. Rxc8 Rxc8 27. Rxc8+ Qxc8 28. Bxg5 1-0

[Event "Winnipeg TNT Oct op"]
[Site "Winnipeg CAN"]
[Date "2004.10.26"]
[Round "4"]
[White "Lauritson, Jim"]
[Black "Tang, Edward"]
[Result "1/2-1/2"]
[WhiteElo "1932"]
[BlackElo "1941"]
[PlyCount "108"]
[GameId "2160767911061071"]
[EventDate "2004.10.05"]
[EventType "swiss"]
[EventRounds "4"]
[EventCountry "CAN"]
[SourceTitle "EXT 2006"]
[Source "ChessBase"]
[SourceDate "2005.11.24"]
[SourceVersion "1"]
[SourceVersionDate "2005.11.24"]
[SourceQuality "1"]

1. e4 c5 2. Nf3 d6 3. d4 cxd4 4. Nxd4 Nf6 5. Nc3 g6 6. Be2 Bg7 7. O-O Nc6 8. Be3 O-O 9. h3 d5 10. exd5 Nxd5 11. Nxd5 Nxd4 12. Bxd4 Qxd5 13. Bxg7 Qxd1 14. Rfxd1 Kxg7 15. Rd2 Be6 16. Rad1 Rac8 17. Bf3 Rc7 18. c3 Kf6 19. Bd5 Bf5 20. g4 Be6 21. Bxe6 Kxe6 22. Kg2 Kf6 23. f4 h6 24. Kf3 g5 25. Rd8 Rxd8 26. Rxd8 Rc6 27. Rd4 Rb6 28. b3 e5 29. fxe5+ Kxe5 30. Ke3 f5 31. gxf5 Kxf5 32. c4 Re6+ 33. Kf3 b6 34. Rd5+ Kg6 35. b4 Rc6 36. c5 bxc5 37. bxc5 Kf6 38. Ke4 Ke6 39. Kd4 Ra6 40. Re5+ Kd7 41. Kd5 Rxa2 42. c6+ Kd8 43. Kd6 Rd2+ 44. Kc5 Rd3 45. h4 gxh4 46. Rh5 Kc7 47. Rxh6 Rc3+ 48. Kb4 Rxc6 49. Rxh4 Kb6 50. Rh5 Rg6 51. Rh4 a5+ 52. Ka4 Rc6 53. Rg4 Ka6 54. Rh4 Rb6 1/2-1/2

[Event "Winnipeg TNT Oct op"]
[Site "Winnipeg CAN"]
[Date "2004.10.26"]
[Round "4"]
[White "Milord, Frank"]
[Black "Costales, Servillano"]
[Result "1/2-1/2"]
[WhiteElo "1541"]
[BlackElo "1661"]
[PlyCount "107"]
[GameId "2160767911061072"]
[EventDate "2004.10.05"]
[EventType "swiss"]
[EventRounds "4"]
[EventCountry "CAN"]
[SourceTitle "EXT 2006"]
[Source "ChessBase"]
[SourceDate "2005.11.24"]
[SourceVersion "1"]
[SourceVersionDate "2005.11.24"]
[SourceQuality "1"]

1. d4 e6 2. e4 d6 3. Nf3 Nd7 4. Bc4 c6 5. Qe2 Ne7 6. Nc3 a6 7. O-O b5 8. Bb3 a5 9. a4 b4 10. Nd1 Nb6 11. Re1 Ng6 12. d5 c5 13. dxe6 Bxe6 14. Bxe6 fxe6 15. b3 Be7 16. Bb2 O-O 17. g3 Nd7 18. Ne3 Bf6 19. Bxf6 Qxf6 20. Kg2 Nde5 21. Nxe5 Nxe5 22. f4 Nc6 23. Qc4 Kh8 24. Rad1 Nd4 25. Rd2 Qg6 26. f5 exf5 27. Nxf5 Nxf5 28. exf5 Rxf5 29. Re6 Qf7 30. Rexd6 Qb7+ 31. Kg1 Raf8 32. R2d5 Rf2 33. Qxc5 Rf1+ 34. Kg2 Qf7 35. Rd2 Qf3+ 36. Kh3 h6 37. Rd8 Kh7 38. Qxf8 Qxf8 39. Rxf8 Rxf8 40. Rd5 Ra8 41. Kg4 Ra7 42. Kf4 Kg6 43. Ke4 Kf6 44. Kd4 Ke6 45. Rh5 Kd6 46. c4 bxc3 47. Kxc3 Kc6 48. Kc4 Kb6 49. Re5 Rc7+ 50. Kd4 Ka6 51. Re6+ Kb7 52. h4 Ka7 53. Re5 Ka6 54. g4 1/2-1/2

[Event "Winnipeg TNT Oct op"]
[Site "Winnipeg CAN"]
[Date "2004.10.26"]
[Round "4"]
[White "Van Wyk, Joseph"]
[Black "Silva, T Romero"]
[Result "1-0"]
[WhiteElo "1932"]
[BlackElo "1621"]
[PlyCount "129"]
[GameId "2160767911061074"]
[EventDate "2004.10.05"]
[EventType "swiss"]
[EventRounds "4"]
[EventCountry "CAN"]
[SourceTitle "EXT 2006"]
[Source "ChessBase"]
[SourceDate "2005.11.24"]
[SourceVersion "1"]
[SourceVersionDate "2005.11.24"]
[SourceQuality "1"]

1. e4 e5 2. Nf3 Nf6 3. Nc3 d6 4. Bc4 Be7 5. d4 exd4 6. Nxd4 Bg4 7. f3 Bh5 8. Be3 h6 9. h4 Nfd7 10. Nf5 Bf6 11. Nd5 Bg6 12. Nxf6+ Qxf6 13. Bd4 Ne5 14. f4 Bxf5 15. exf5 Qxf5 16. fxe5 dxe5 17. Qe2 Nc6 18. Rf1 Nxd4 19. Rxf5 Nxe2 20. Rxe5+ Kf8 21. Rxe2 Re8 22. O-O-O Rxe2 23. Bxe2 Ke7 24. Bg4 h5 25. Rd7+ Kf6 26. Bh3 Rb8 27. Rxc7 a5 28. g4 hxg4 29. Bxg4 g6 30. Bc8 b6 31. Kd2 b5 32. Rc6+ Ke5 33. Ba6 Rd8+ 34. Ke3 Rd5 35. Rb6 Rd1 36. Rxb5+ Kd6 37. Rxa5 Rh1 38. Ra4 Rh2 39. Be2 f6 40. c4 g5 41. hxg5 fxg5 42. b4 Rh3+ 43. Kd4 Rh4+ 44. Kc3 g4 45. c5+ Kd5 46. c6 Rh3+ 47. Kd2 Kxc6 48. Bxg4 Rg3 49. Kc2 Kb5 50. Bd7+ Kb6 51. b5 Rg7 52. Ra6+ Kc7 53. Bc6 Rg3 54. a4 Re3 55. a5 Ra3 56. Ra7+ Kb8 57. Rb7+ Kc8 58. a6 Ra4 59. Kb3 Ra1 60. b6 Rxa6 61. Kb4 Ra1 62. Ra7 Rb1+ 63. Kc5 Rc1+ 64. Kd6 Rd1+ 65. Bd5 1-0

[Event "Winnipeg TNT Sept op"]
[Site "Winnipeg CAN"]
[Date "2004.09.07"]
[Round "1"]
[White "Boron, Anthony"]
[Black "Reimer, Bruce"]
[Result "1-0"]
[WhiteElo "1920"]
[BlackElo "1344"]
[PlyCount "87"]
[GameId "2160767911069367"]
[EventDate "2004.09.07"]
[EventType "swiss"]
[EventRounds "4"]
[EventCountry "CAN"]
[SourceTitle "EXT 2006"]
[Source "ChessBase"]
[SourceDate "2005.11.24"]
[SourceVersion "1"]
[SourceVersionDate "2005.11.24"]
[SourceQuality "1"]

1. e4 d6 2. d4 Nf6 3. Nc3 g6 4. Be3 c6 5. Qd2 b5 6. a3 Bg7 7. h3 Nbd7 8. Nf3 e5 9. Rd1 Bb7 10. Bd3 Qc7 11. O-O O-O 12. Bh6 Rfe8 13. Bxg7 Kxg7 14. Rfe1 a6 15. Qg5 Rad8 16. dxe5 dxe5 17. Nh4 Kh8 18. f3 Nh5 19. Ne2 Nc5 20. Qe3 Nxd3 21. cxd3 Qe7 22. Qf2 Qg5 23. g4 Nf4 24. Nxf4 Qxf4 25. Ng2 Qf6 26. f4 exf4 27. Nxf4 g5 28. Nh5 Qxf2+ 29. Kxf2 c5 30. Ng3 Kg8 31. Ke3 Bd5 32. Nh5 Re6 33. Rf1 Bb3 34. Rd2 h6 35. Rf5 Rc8 36. Rdf2 Rc7 37. Nf6+ Kg7 38. Nh5+ Kg6 39. Rf6+ Rxf6 40. Rxf6+ Kh7 41. Rxa6 c4 42. dxc4 bxc4 43. Nf6+ Kh8 44. Ra8+ 1-0

[Event "Winnipeg TNT Sept op"]
[Site "Winnipeg CAN"]
[Date "2004.09.07"]
[Round "1"]
[White "Gibbons, Lorne"]
[Black "Greenberg, Harley"]
[Result "0-1"]
[WhiteElo "1328"]
[BlackElo "1781"]
[PlyCount "62"]
[GameId "2160767911069369"]
[EventDate "2004.09.07"]
[EventType "swiss"]
[EventRounds "4"]
[EventCountry "CAN"]
[SourceTitle "EXT 2006"]
[Source "ChessBase"]
[SourceDate "2005.11.24"]
[SourceVersion "1"]
[SourceVersionDate "2005.11.24"]
[SourceQuality "1"]

1. d4 Nf6 2. c4 g6 3. Nc3 Bg7 4. Bf4 O-O 5. h3 d6 6. Nf3 Nbd7 7. e3 c5 8. d5 Qa5 9. Nd2 Ne5 10. Nb3 Qc7 11. Nb5 Qd8 12. Bxe5 dxe5 13. Nxc5 Nd7 14. Nb3 e4 15. Qc2 Ne5 16. O-O-O a6 17. Nc3 Bd7 18. Qxe4 Rc8 19. c5 Bf5 20. Qb4 h5 21. e4 a5 22. Nxa5 Bxe4 23. Nxe4 b6 24. Nb3 bxc5 25. Nexc5 Rb8 26. Qa5 Qc8 27. Ba6 Qf5 28. Rd2 Bh6 29. Nd4 Qxf2 30. Kc2 Bxd2 31. Qxd2 Rxb2+ 0-1

[Event "Winnipeg TNT Sept op"]
[Site "Winnipeg CAN"]
[Date "2004.09.07"]
[Round "1"]
[White "Liebzeit, Mick"]
[Black "Czypinski, Jaroslaw"]
[Result "1/2-1/2"]
[WhiteElo "1353"]
[BlackElo "1926"]
[PlyCount "114"]
[GameId "2160767911069370"]
[EventDate "2004.09.07"]
[EventType "swiss"]
[EventRounds "4"]
[EventCountry "CAN"]
[SourceTitle "EXT 2006"]
[Source "ChessBase"]
[SourceDate "2005.11.24"]
[SourceVersion "1"]
[SourceVersionDate "2005.11.24"]
[SourceQuality "1"]

1. e4 e5 2. Nf3 Nc6 3. d4 exd4 4. Nxd4 Nf6 5. Nc3 Bb4 6. Bg5 h6 7. Nxc6 bxc6 8. Bd2 O-O 9. Bd3 Re8 10. f3 Bc5 11. Qe2 d5 12. O-O-O dxe4 13. Bxe4 Nd5 14. Qc4 Qe7 15. Bxd5 cxd5 16. Nxd5 Qd6 17. Bf4 Qc6 18. Qc3 Rb8 19. Nxc7 Be3+ 20. Bxe3 Qxc3 21. bxc3 Rxe3 22. Rd8+ Kh7 23. Kd2 Re7 24. Nd5 Reb7 25. Re1 Be6 26. Rxb8 Rxb8 27. Nb4 Rd8+ 28. Nd3 Rd5 29. Re5 Rxe5 30. Nxe5 Bxa2 31. c4 f6 32. Nc6 Bxc4 33. Nxa7 g5 34. Nc6 Kg6 35. Ke3 h5 36. Ne7+ Kf7 37. Nf5 Bf1 38. g3 Ba6 39. Kd4 Be2 40. f4 Ke6 41. Ke4 Ba6 42. Nd4+ Kf7 43. fxg5 Kg6 44. gxf6 Kxf6 45. Kf4 Bc4 46. h3 Bf1 47. g4 Bxh3 48. gxh5 Bd7 49. c3 Be8 50. Kg4 Bd7+ 51. Kf4 Be8 52. h6 Kg6 53. Nf5 Bd7 54. c4 Be8 55. c5 Bd7 56. Ke5 Bb5 57. Kd6 Bd3 1/2-1/2

[Event "Winnipeg TNT Sept op"]
[Site "Winnipeg CAN"]
[Date "2004.09.07"]
[Round "1"]
[White "Lindsay, Richard Vicent"]
[Black "Gibson, Fred"]
[Result "1-0"]
[WhiteElo "1735"]
[BlackElo "1173"]
[PlyCount "39"]
[GameId "2160767911069371"]
[EventDate "2004.09.07"]
[EventType "swiss"]
[EventRounds "4"]
[EventCountry "CAN"]
[SourceTitle "EXT 2006"]
[Source "ChessBase"]
[SourceDate "2005.11.24"]
[SourceVersion "1"]
[SourceVersionDate "2005.11.24"]
[SourceQuality "1"]

1. d4 d5 2. c4 c6 3. Nc3 Nf6 4. Bg5 e6 5. e3 Bb4 6. Nf3 Nbd7 7. Bd3 O-O 8. O-O Qc7 9. a3 Bxc3 10. bxc3 e5 11. Bxf6 Nxf6 12. Nxe5 Ne4 13. Qc2 Bf5 14. f3 dxc4 15. Bxe4 f6 16. Bxf5 fxe5 17. Bxh7+ Kh8 18. Qe4 Rf6 19. Bg6 Qd6 20. dxe5 1-0

[Event "Winnipeg TNT Sept op"]
[Site "Winnipeg CAN"]
[Date "2004.09.07"]
[Round "1"]
[White "Repa, Jason"]
[Black "Anderson, George"]
[Result "1-0"]
[WhiteElo "1938"]
[BlackElo "1473"]
[PlyCount "61"]
[GameId "2160767911069372"]
[EventDate "2004.09.07"]
[EventType "swiss"]
[EventRounds "4"]
[EventCountry "CAN"]
[SourceTitle "EXT 2006"]
[Source "ChessBase"]
[SourceDate "2005.11.24"]
[SourceVersion "1"]
[SourceVersionDate "2005.11.24"]
[SourceQuality "1"]

1. e4 e6 2. d4 d5 3. e5 Bd7 4. Nf3 c5 5. c3 Qb6 6. Nbd2 Nc6 7. Qb3 cxd4 8. Qxb6 axb6 9. Nxd4 Nxe5 10. f4 Nc6 11. Nb5 Rc8 12. Nf3 Nf6 13. Bd3 Be7 14. Bd2 O-O 15. b4 Nd8 16. a4 Bxb5 17. axb5 Nd7 18. O-O f5 19. Rfe1 Bf6 20. Ra3 Re8 21. Bxf5 Nf7 22. Bxe6 Re7 23. Bxd5 Rxe1+ 24. Bxe1 Kf8 25. Bxb7 Rc7 26. Bc6 Ke7 27. c4 Nd6 28. c5 bxc5 29. bxc5 Nb7 30. Bxb7 Rxc5 31. Bb4 1-0

[Event "Winnipeg TNT Sept op"]
[Site "Winnipeg CAN"]
[Date "2004.09.14"]
[Round "2"]
[White "Anderson, George"]
[Black "Gibson, Fred"]
[Result "1/2-1/2"]
[WhiteElo "1473"]
[BlackElo "1173"]
[PlyCount "106"]
[GameId "2160767911069373"]
[EventDate "2004.09.07"]
[EventType "swiss"]
[EventRounds "4"]
[EventCountry "CAN"]
[SourceTitle "EXT 2006"]
[Source "ChessBase"]
[SourceDate "2005.11.24"]
[SourceVersion "1"]
[SourceVersionDate "2005.11.24"]
[SourceQuality "1"]

1. e4 c5 2. f4 d6 3. Nc3 Nf6 4. Bb5+ Nc6 5. Nf3 a6 6. Bd3 Nd4 7. Nxd4 cxd4 8. Ne2 g6 9. O-O Bg7 10. Qe1 O-O 11. Ng3 b5 12. f5 Bb7 13. Be2 Qb6 14. d3 d5 15. e5 Nd7 16. fxg6 hxg6 17. Bf4 Nxe5 18. Bf3 Qe6 19. h4 Nxf3+ 20. Rxf3 Qxe1+ 21. Rxe1 e6 22. h5 Kh7 23. Kf2 Rh8 24. Rh1 Bf6 25. Ne2 g5 26. Bd2 Kg7 27. Rg3 Kh6 28. Rf3 Kg7 29. g4 Rh6 30. Ke1 Rg8 31. Rhf1 Bc8 32. Bc1 Rf8 33. b3 e5 34. Ba3 Re8 35. Rg1 e4 36. Rfg3 a5 37. Bc5 Be5 38. Bxd4 Bxd4 39. Nxd4 exd3+ 40. Kd2 dxc2 41. Nxb5 Re7 42. Nd4 Bd7 43. Nxc2 f5 44. gxf5 Rxh5 45. Rxg5+ Rxg5 46. Rxg5+ Kf6 47. Rh5 Bxf5 48. Nd4 Be4 49. Rh6+ Bg6 50. Nc6 Rh7 51. Rxh7 Bxh7 52. Nxa5 Ke5 53. Ke3 Be4 1/2-1/2

[Event "Winnipeg TNT Sept op"]
[Site "Winnipeg CAN"]
[Date "2004.09.14"]
[Round "2"]
[White "Babb, Jeff"]
[Black "Boron, Anthony"]
[Result "1-0"]
[WhiteElo "2143"]
[BlackElo "1920"]
[PlyCount "137"]
[GameId "2160767911069374"]
[EventDate "2004.09.07"]
[EventType "swiss"]
[EventRounds "4"]
[EventCountry "CAN"]
[SourceTitle "EXT 2006"]
[Source "ChessBase"]
[SourceDate "2005.11.24"]
[SourceVersion "1"]
[SourceVersionDate "2005.11.24"]
[SourceQuality "1"]

1. d4 Nf6 2. c4 e6 3. g3 d5 4. Bg2 Be7 5. Nf3 O-O 6. O-O Nbd7 7. c5 c6 8. Qc2 Ne4 9. Nfd2 Nxd2 10. Nxd2 e5 11. e3 e4 12. Rb1 f5 13. b4 a6 14. a4 g5 15. f4 gxf4 16. gxf4 Bh4 17. Nb3 Qe8 18. Bd2 Qg6 19. Be1 Bd8 20. Kh1 Kh8 21. Rg1 Rg8 22. Bf2 Qh5 23. Qd1 Qh6 24. Qe2 Nf6 25. Nd2 Ng4 26. Nf1 Bh4 27. Be1 Bd7 28. h3 Rg7 29. Nh2 Nf6 30. Bxh4 Qxh4 31. Qe1 Qh6 32. Bf1 Rag8 33. Rxg7 Rxg7 34. Rb2 Nh5 35. Rg2 Rxg2 36. Bxg2 Qg6 37. Qh4 Ng3+ 38. Kg1 Ne2+ 39. Kf2 Nc1 40. Bf1 Na2 41. Qd8+ Be8 42. b5 axb5 43. axb5 Nc3 44. bxc6 Qxc6 45. Be2 Nxe2 46. Kxe2 Kg7 47. Qg5+ Bg6 48. Nf1 Qb5+ 49. Kf2 Qb2+ 50. Kg1 Kf7 51. Qg2 Qb3 52. Qe2 Kf6 53. Kf2 Qa4 54. Qb2 Qc6 55. Ng3 Be8 56. Qb4 Qb5 57. Qxb5 Bxb5 58. Ke1 Bd7 59. Kd2 Ke6 60. Kc3 Bb5 61. Kb4 Bc6 62. Ka5 Kf6 63. Kb6 Kg6 64. Kc7 Kf6 65. Kd6 h6 66. h4 Kg6 67. Ke6 h5 68. Ke5 Bd7 69. Kxd5 1-0

[Event "Winnipeg TNT Sept op"]
[Site "Winnipeg CAN"]
[Date "2004.09.14"]
[Round "2"]
[White "Costales, Servillano"]
[Black "Lindsay, Richard Vicent"]
[Result "0-1"]
[WhiteElo "1661"]
[BlackElo "1735"]
[PlyCount "58"]
[GameId "2160767911069375"]
[EventDate "2004.09.07"]
[EventType "swiss"]
[EventRounds "4"]
[EventCountry "CAN"]
[SourceTitle "EXT 2006"]
[Source "ChessBase"]
[SourceDate "2005.11.24"]
[SourceVersion "1"]
[SourceVersionDate "2005.11.24"]
[SourceQuality "1"]

1. e4 c6 2. c4 e5 3. Nf3 d6 4. Nc3 Nf6 5. h3 Be7 6. Bd3 O-O 7. Bc2 c5 8. O-O Nc6 9. d3 Nd4 10. Bb1 Ne8 11. Nd5 f5 12. Nxe7+ Qxe7 13. Nxd4 cxd4 14. exf5 Rxf5 15. a3 h5 16. b4 Qh4 17. Ra2 g5 18. Re2 Nf6 19. Qd2 Be6 20. Bb2 Kf7 21. Rfe1 Rg8 22. c5 g4 23. Re4 Nxe4 24. dxe4 Rfg5 25. g3 gxh3 26. Kh2 Rxg3 27. fxg3 Qxg3+ 28. Kh1 Qf3+ 29. Kh2 Rg2+ 0-1

[Event "Winnipeg TNT Sept op"]
[Site "Winnipeg CAN"]
[Date "2004.09.14"]
[Round "2"]
[White "Czypinski, Jaroslaw"]
[Black "Silva, T Romero"]
[Result "1-0"]
[WhiteElo "1926"]
[BlackElo "1621"]
[PlyCount "65"]
[GameId "2160767911069376"]
[EventDate "2004.09.07"]
[EventType "swiss"]
[EventRounds "4"]
[EventCountry "CAN"]
[SourceTitle "EXT 2006"]
[Source "ChessBase"]
[SourceDate "2005.11.24"]
[SourceVersion "1"]
[SourceVersionDate "2005.11.24"]
[SourceQuality "1"]

1. e4 c5 2. d4 cxd4 3. c3 dxc3 4. Nxc3 e6 5. Nf3 Nc6 6. Bf4 a6 7. Rc1 Qa5 8. Bd3 Nge7 9. O-O Ng6 10. Bd2 Qd8 11. Qe2 Bd6 12. Bb1 O-O 13. Rfd1 Qe7 14. Be3 Bf4 15. Bxf4 Nxf4 16. Qe3 Ng6 17. e5 Qb4 18. Rc2 b5 19. Rcd2 Rb8 20. Bxg6 fxg6 21. Ne4 Ne7 22. Nd6 Bb7 23. a3 Qg4 24. h3 Qa4 25. Nxb7 Rxb7 26. Rxd7 Rxd7 27. Rxd7 Nd5 28. Qa7 Qd1+ 29. Kh2 Rf5 30. Rd8+ Rf8 31. Qb8 Kf7 32. Rxf8+ Ke7 33. Qe8# 1-0

[Event "Winnipeg TNT Sept op"]
[Site "Winnipeg CAN"]
[Date "2004.09.14"]
[Round "2"]
[White "Greenberg, Harley"]
[Black "Repa, Jason"]
[Result "1/2-1/2"]
[WhiteElo "1781"]
[BlackElo "1938"]
[PlyCount "65"]
[GameId "2160767911069377"]
[EventDate "2004.09.07"]
[EventType "swiss"]
[EventRounds "4"]
[EventCountry "CAN"]
[SourceTitle "EXT 2006"]
[Source "ChessBase"]
[SourceDate "2005.11.24"]
[SourceVersion "1"]
[SourceVersionDate "2005.11.24"]
[SourceQuality "1"]

1. d4 e6 2. c4 f5 3. g3 Nf6 4. Bg2 Be7 5. Nf3 O-O 6. Nc3 c6 7. d5 Bb4 8. O-O Bxc3 9. bxc3 exd5 10. cxd5 Nxd5 11. c4 Nf6 12. c5 Qa5 13. Qb3+ Nd5 14. Bd2 Qxc5 15. e4 fxe4 16. Ng5 Qb6 17. Qc4 Qa6 18. Qb3 Qd3 19. Nxe4 Qxb3 20. axb3 Na6 21. Nd6 Nac7 22. Rfc1 Kh8 23. b4 a6 24. Re1 Nf6 25. Bc3 Kg8 26. Re7 Nfe8 27. Rae1 Nf6 28. Nxc8 Raxc8 29. Bxf6 Rxf6 30. Rxd7 Rf7 31. Ree7 Rxe7 32. Rxe7 Kf8 33. Rd7 1/2-1/2

[Event "Winnipeg TNT Sept op"]
[Site "Winnipeg CAN"]
[Date "2004.09.21"]
[Round "3"]
[White "Anderson, George"]
[Black "Liebzeit, Mick"]
[Result "0-1"]
[WhiteElo "1473"]
[BlackElo "1353"]
[PlyCount "82"]
[GameId "2160767911069378"]
[EventDate "2004.09.07"]
[EventType "swiss"]
[EventRounds "4"]
[EventCountry "CAN"]
[SourceTitle "EXT 2006"]
[Source "ChessBase"]
[SourceDate "2005.11.24"]
[SourceVersion "1"]
[SourceVersionDate "2005.11.24"]
[SourceQuality "1"]

1. b4 e5 2. Bb2 f6 3. b5 d5 4. e3 a6 5. a4 axb5 6. axb5 Rxa1 7. Bxa1 Bd7 8. Nc3 c6 9. Nf3 Bd6 10. bxc6 Bxc6 11. Bb5 Ne7 12. O-O g5 13. d4 e4 14. Nd2 h5 15. f3 Nf5 16. fxe4 Nxe3 17. Bxc6+ Nxc6 18. Qf3 Nxf1 19. Qxf1 dxe4 20. Ndxe4 Be7 21. d5 Qb6+ 22. Kh1 Ne5 23. Nb5 Ng4 24. Bd4 Qa5 25. c4 O-O 26. h3 Ne5 27. d6 Bd8 28. c5 Nc6 29. Qc4+ Kg7 30. Bc3 Ne5 31. Qf1 Qa4 32. Nxg5 fxg5 33. Bxe5+ Bf6 34. Bxf6+ Rxf6 35. Qb1 Qc4 36. d7 Rf1+ 37. Qxf1 Qxf1+ 38. Kh2 Qf4+ 39. Kh1 Qf8 40. Nd6 Qd8 41. Nxb7 Qxd7 0-1

[Event "Winnipeg TNT Sept op"]
[Site "Winnipeg CAN"]
[Date "2004.09.21"]
[Round "3"]
[White "Gibson, Fred"]
[Black "Costales, Servillano"]
[Result "0-1"]
[WhiteElo "1173"]
[BlackElo "1661"]
[PlyCount "70"]
[GameId "2160767911069379"]
[EventDate "2004.09.07"]
[EventType "swiss"]
[EventRounds "4"]
[EventCountry "CAN"]
[SourceTitle "EXT 2006"]
[Source "ChessBase"]
[SourceDate "2005.11.24"]
[SourceVersion "1"]
[SourceVersionDate "2005.11.24"]
[SourceQuality "1"]

1. d4 b6 2. e4 Bb7 3. Nc3 g6 4. Bc4 Bg7 5. Nf3 e6 6. O-O Ne7 7. Bg5 d6 8. Re1 Nd7 9. Qd2 h6 10. Be3 a6 11. d5 e5 12. Rad1 Nf6 13. Qd3 Ng4 14. h3 Nxe3 15. Rxe3 O-O 16. Ne2 Kh7 17. Nh2 f5 18. f3 f4 19. Ng4 fxe3 20. Qxe3 Ng8 21. g3 Nf6 22. Kg2 Bc8 23. Rh1 Bd7 24. c3 Rf7 25. Ng1 h5 26. Nf2 Bb5 27. Be2 Bxe2 28. Qxe2 b5 29. b4 Qd7 30. Qd3 a5 31. c4 a4 32. Ne2 Raf8 33. Qc3 Ng8 34. Ng1 Ne7 35. a3 c6 0-1

[Event "Winnipeg TNT Sept op"]
[Site "Winnipeg CAN"]
[Date "2004.09.21"]
[Round "3"]
[White "Greenberg, Harley"]
[Black "Czypinski, Jaroslaw"]
[Result "1/2-1/2"]
[WhiteElo "1781"]
[BlackElo "1926"]
[PlyCount "63"]
[GameId "2160767911069380"]
[EventDate "2004.09.07"]
[EventType "swiss"]
[EventRounds "4"]
[EventCountry "CAN"]
[SourceTitle "EXT 2006"]
[Source "ChessBase"]
[SourceDate "2005.11.24"]
[SourceVersion "1"]
[SourceVersionDate "2005.11.24"]
[SourceQuality "1"]

1. d4 d5 2. c4 c5 3. Nf3 cxd4 4. cxd5 Qa5+ 5. Qd2 Qxd2+ 6. Bxd2 Nf6 7. Nxd4 Nxd5 8. e4 Nf6 9. Nc3 e5 10. Ndb5 Na6 11. Bc4 Bd7 12. O-O Rc8 13. b3 Bc5 14. Na4 Nxe4 15. Nxc5 Rxc5 16. Be3 Rxb5 17. Bxb5 Bxb5 18. Rfe1 f6 19. Bxa7 Bc6 20. Rac1 Nd6 21. Rcd1 Ke7 22. f3 Nc8 23. Bf2 Rd8 24. a3 Rxd1 25. Rxd1 Nd6 26. b4 Nc4 27. Rd3 Nb2 28. Rb3 Nd1 29. b5 Nxf2 30. bxc6 Nh3+ 31. gxh3 bxc6 32. Rb6 1/2-1/2